Central Library OPAC University of Rajshahi

Land use : (Record no. 3705)

MARC details
000 -LEADER
fixed length control field 01234nam a2200337 i 4500
001 - CONTROL NUMBER
control field 3705
003 - CONTROL NUMBER IDENTIFIER
rucl marc code BD-RJUL
005 - DATE AND TIME OF LATEST TRANSACTION
control field 20211208233755.0
008 - FIXED-LENGTH DATA ELEMENTS--GENERAL INFORMATION
fixed length control field 780106s1977 iaua b 000 0 eng
035 ## - SYSTEM CONTROL NUMBER
System control number (BD-RJUL)3739
System control number (OCoLC)03607732
System control number GLIS00049695
040 ## - CATALOGING SOURCE
Original cataloging agency DLC
Transcribing agency DLC
Modifying agency MYG
Language of cataloging eng
041 ## - LANGUAGE CODE
Language code of text/sound track or separate title eng
082 ## - DEWEY DECIMAL CLASSIFICATION NUMBER
Edition number 16
Classification number 333
Author mark and year LAN 1977
099 ## - LOCAL FREE-TEXT CALL NUMBER (OCLC)
Bangla Class number HD171.A15.L34
245 00 - TITLE STATEMENT
Title Land use :
Remainder of title tough choices in today's world : the proceedings of a national symposium, March 21-24, 1977, in Omaha, Nebraska.
260 ## - PUBLICATION, DISTRIBUTION, ETC. (IMPRINT)
Place of publication, distribution, etc. Ankeny, Iowa :
Name of publisher, distributor, etc. Soil Conservation Society of America,
Date of publication, distribution, etc. c1977.
300 ## - PHYSICAL DESCRIPTION
Pagination x, 454 p. :
Illustrations ill. ;
Size 23 cm.
490 1# - SERIES STATEMENT
Series statement Special publication - Soil Conservation Society of America ; no. 22
504 ## - BIBLIOGRAPHY, ETC. NOTE
Bibliography, etc Includes bibliographies.
526 ## - STUDY PROGRAM INFORMATION NOTE
Requested Dept. Sociology
650 #0 - SUBJECT ADDED ENTRY--TOPICAL TERM
Topical term or geographic name as entry element Land use
Geographic subdivision United States
Form subdivision Congresses.
9 (RLIN) 11759
Topical term or geographic name as entry element Land use
Geographic subdivision United States
General subdivision Planning
Form subdivision Congresses.
9 (RLIN) 11760
711 2# - ADDED ENTRY--MEETING NAME
Meeting name or jurisdiction name as entry element National Symposium on Land Use: Tough Choices in Today's World
Date of meeting (1977 :
Location of meeting Omaha, Neb.)
9 (RLIN) 11762
830 #0 - SERIES ADDED ENTRY--UNIFORM TITLE
Volume number/sequential designation no. 22.
830 #0 - SERIES ADDED ENTRY--UNIFORM TITLE
Uniform title Special publication (Soil Conservation Society of America) ;
942 ## - ADDED ENTRY ELEMENTS (KOHA)
Source of classification or shelving scheme Dewey Decimal Classification
Koha item type Books
Holdings
Lost status Source of classification or shelving scheme Damaged status Not for loan Collection code Permanent Location Current Location Shelving location Date acquired Source of acquisition Total Checkouts Full call number Date last seen Copy number Koha item type
  Dewey Decimal Classification   Not For Loan Non-fiction Central Library, University of Rajshahi Central Library, University of Rajshahi Reading Room 30/07/1987 Asia Foundation   333 LAN 1977 19/12/2013 C-1 Books